000 00518nam a22001937a 4500
005 20251108170447.0
008 250721s1997 xx 000 0 ara d
082 1 4 _a211.85/هلا
100 1 _aهلال، محمد
245 1 0 _aالإسراء و إسرائيل /
264 1 _aعمان :
_bدار البشير،
_c1997.
300 _a216ص
650 1 7 _aاليهود
650 1 7 _aالقرآن الكريم
650 1 7 _aالتاريخ
650 1 7 _aقصص القرآن
942 _2ddc
_cBK
999 _c41015
_d41015